Epic the musical - No longer you - Statistics

General Stats
  • This quiz has been taken 46 times
  • The average score is 186 of 194
Answer Stats
Indice Answer % Correct
a
100%
A
100%
am
100%
Terisias | Tiresias | Tyresias I
100%
long
100%
longer
100%
no
100%
prophet
100%
the
100%
you
100%
alive
97%
and
97%
And
97%
answer
97%
be
97%
betrayal
97%
breath
97%
brother's
97%
but
97%
But
97%
death
97%
final
97%
free
97%
future
97%
get
97%
gets
97%
help
97%
home
97%
is
97%
it
97%
it's
97%
know
97%
make
97%
man
97%
men
97%
not
97%
of
97%
past
97%
romance
97%
running
97%
sacrifice
97%
see
97%
song
97%
that's
97%
There
97%
Time,
97%
to
97%
Odysseus What ?
97%
where
97%
who
97%
Odysseus Who ?
97%
with
97%
world
97%
your
97%
brink
94%
can't
94%
i've
94%
on
94%
portrayals
94%
sailed
94%
seek
94%
stand
94%
Odysseus This
94%
through
94%
toughest
94%
unlock
94%
hell
92%
We've
92%
draw
89%
believed
81%
body
81%
covered
81%
dead
81%
Faces
81%
haunting
81%
in
81%
palace
81%
red
81%
trail
81%
wife
81%
you're
81%
nothing ?
72%
for
69%
had
69%
sufferd
25%
No matching quizzes found
Score Distribution
Percent of People with Each Score
Percentile by Number Answered
Your Score History
You have not taken this quiz